• 首页
  • 本馆介绍
  • 公告通知
  • 最新文献
  • 馆藏检索
  • 电子资源
  • 读者导购
  • 参考咨询
  • 我的图书馆
  • 登录
  • 详细信息显示
  • 放入我的书架
  • 预约/预借图书
  • 作者相关作品
  • 分类相关作品
  • 丛书相关作品
  • 出版社相关作品

书目信息

  • 表格格式
  • 工作单格式
  • 卡片格式
题名:
唯物主义和经验批判主义
    
 
作者: 列宁 著 ;中共中央马恩列斯著作编译局 译
分册:  
出版信息: 北京   人民出版社  1960.04
页数: 371页
开本: 21cm
丛书名:
单 册:
中图分类: A223
科图分类:
主题词: 列字著作--单行本--1908~1912年3月
电子资源:
ISBN:
000 00691nam0 2200217 45
001 0312220562
005 20070929163835.85
010    @dCNY0.72
091    @a1001.356
100    @a20031222e19501960km y0chiy0120 ea
101 0  @achi
200 1  @a唯物主义和经验批判主义@AWei Wu Zhu Yi He Jing Yan Pi Pan Zhu Yi@f列宁著@FLie Ning Zhu@g中共中央马恩列斯著作编译局译
205    @a4版
210    @a北京@c人民出版社@d1960.04
215    @a371页@d21cm
606 0  @a列字著作@x单行本@x1908~1912年3月
690    @aA223@v3
701  0 @a列宁@4著
712 02 @a中共中央马恩列斯著作编译局@AZhong Gong Zhong Yang Ma En Lie Si Zhu ZuoBian Yi Ju@4译
801    @aCN@bPftUser@c20070929
905    @dA223@e19:0809
    
    唯物主义和经验批判主义/列宁著/中共中央马恩列斯著作编译局译.-4版.-北京:人民出版社,1960.04
    371页;21cm
    
    
    ISBN :CNY0.72
    
●
相关链接 在E读中查询图书 在五车中查询图书 在当当中查询图书 在豆瓣中查询图书


正题名:唯物主义和经验批判主义     索取号:A223/19:0809         预约/预借

序号 登录号 条形码 馆藏地/架位号 状态 备注
1 0065542   001523435   密集书库/ [索取号:A223/19:0809] 在馆    
2 0065543   001523284   密集书库/ [索取号:A223/19:0809] 在馆    
3 0065544   000951526   第一借阅区/ [索取号:A223/19:0809] 在馆    
4 0065545   001854871   密集书库/ [索取号:A223/19:0809] 在馆    
5 0065546   002046002   第一样本阅览室/ [索取号:A223/19:0809] 在馆    
6 0065547   000951731   第一借阅区/ [索取号:A223/19:0809] 在馆    
7 0065548   000951697   第一借阅区/ [索取号:A223/19:0809] 在馆    
8 0065549   202262666   密集书库/ [索取号:A223/19:0809] 在馆    
9 0065550   001854915   密集书库/ [索取号:A223/19:0809] 在馆    
10 1050657   210506576   王士立赠书/ [索取号:A223/19:0809] 在馆    
11 609926   206099265   密集书库/ [索取号:A223/19:0809] 在馆    
唐山师范学院图书馆 欢迎您!
大连网信软件有限公司© 版权所有